| 000 | 01274njm a22002897a 4500 | ||
|---|---|---|---|
| 005 | 2010090903563.0 | ||
| 007 | sd ammalaaahaa | ||
| 008 | 100901t xxu||||| |||| 00| 0 hin d | ||
| 028 |
_aECSD. 2053 _bHis Master's Voice |
||
| 028 | _bHis Master's Voice | ||
| 035 | _aGR-03277 | ||
| 040 | _aSED/VEN | ||
| 100 |
_917815 _amohd Rafi and Bhosle, Asha |
||
| 245 |
_aDharam kanta / _cby Mohd rafi and Lata Mangeshkar; music by Naushad ;lyrics Majrooh _h[sound recording] : |
||
| 246 | _aधर्मंकांता/मोहद रफ़ी एंड आशा भोसले द्वारा | ||
| 260 |
_aDum Dum, India _bHis Master's Voice _c1966 |
||
| 300 |
_a1 sound disc : _banalog, 33 1/3 rpm _c10 in. |
||
| 500 | G | _aBrief record | |
| 505 | _aSide-1 ये गोते दार लहंगा(Ye gote daar lehnga) Side-2 तेरी मेरी नज़र है कातिल की खैर नहीं(Tere mere nazar ke hai katil ki khair nahin ) (Mohd Rafi and Asha Bhosle) | ||
| 650 |
_aClassical music _xExcerpts _zIndia _917813 |
||
| 700 |
_918219 _aNaushad |
||
| 700 |
_918220 _aMajrooh |
||
| 700 | _919143 | ||
| 710 | _919101 | ||
| 942 |
_2ddc _cGR |
||
| 999 |
_c46517 _d46517 |
||